Lesní potok - čtvrtstoletí monitoringu modelového povodí : výzkumný program Rozmanitost života a zdraví ekosystémů /

Hlavní autor: Navrátil, Tomáš, 1976-
Korporativní autor: Akademie věd České republiky. Kancelář
Další autoři: Rohovec, Jan, 1971-, Skřivan, Petr, 1935-
Jazyk: Čeština
Vydáno: Praha : Středisko společných činností AV ČR, v.v.i., pro Kancelář Akademie věd ČR, 2016
Vydání: Vydání 1.
Edice: Strategie AV21. Rozmanitost života a zdraví ekosystémů
Témata:
Fyzický popis: 42 stran : barevné ilustrace, mapy ; 21 cm
Knihy
Uloženo v:
LEADER 02903cam a2200721 i 4500
001 nkc20162855388
003 CZ PrNK
005 20240415105747.0
007 ta
008 170102s2016 xr ab e f 000 0 cze d
015 |a cnb002855388 
020 |a 978-80-270-3112-2  |q (v knize neuvedeno ;  |q brožováno)  |z 978-80-200-2667-5 
035 |a (OCoLC)1015193370 
040 |a ABA007  |b cze  |d KLG001  |d ABA001  |e rda 
043 |a e-xr---  |b e-xr-cc  |2 czenas 
072 7 |a 502  |x Životní prostředí a jeho ochrana  |2 Konspekt  |9 2 
080 |a 556.51  |2 MRF 
080 |a 581.526.42  |2 MRF 
080 |a 502.175  |2 MRF 
080 |a 550.47  |2 MRF 
080 |a 550.4  |2 MRF 
080 |a 556.114  |2 MRF 
080 |a (282.243.31)  |2 MRF 
080 |a (437.31-191.2)  |2 MRF 
080 |a (047)  |2 MRF 
100 1 |a Navrátil, Tomáš,  |d 1976-  |7 ola2006345405  |4 aut 
245 1 0 |a Lesní potok - čtvrtstoletí monitoringu modelového povodí :  |b výzkumný program Rozmanitost života a zdraví ekosystémů /  |c Tomáš Navrátil, Jan Rohovec, Petr Skřivan 
250 |a Vydání 1. 
264 1 |a Praha :  |b Středisko společných činností AV ČR, v.v.i., pro Kancelář Akademie věd ČR,  |c 2016 
300 |a 42 stran :  |b barevné ilustrace, mapy ;  |c 21 cm 
336 |a text  |b txt  |2 rdacontent 
337 |a bez média  |b n  |2 rdamedia 
338 |a svazek  |b nc  |2 rdacarrier 
490 1 |a Strategie AV21. Rozmanitost života a zdraví ekosystémů 
500 |a Název z obálky 
650 0 7 |a povodí  |7 ph124446  |z Česko  |2 czenas 
650 0 7 |a lesní ekosystémy  |7 ph115113  |z Česko  |2 czenas 
650 0 7 |a monitorování životního prostředí  |7 ph122969  |z Česko  |2 czenas 
650 0 7 |a biogeochemie  |7 ph118890  |2 czenas 
650 0 7 |a geochemie  |7 ph120501  |2 czenas 
650 0 7 |a hydrochemie  |7 ph120967  |2 czenas 
650 0 9 |a watersheds  |z Czechia  |2 eczenas 
650 0 9 |a forest ecosystems  |z Czechia  |2 eczenas 
650 0 9 |a environmental monitoring  |z Czechia  |2 eczenas 
650 0 9 |a biogeochemistry  |2 eczenas 
650 0 9 |a geochemistry  |2 eczenas 
650 0 9 |a hydrochemistry  |2 eczenas 
651 7 |a Lesní potok (Jevanský potok, Česko : povodí)  |7 ge964374  |2 czenas 
651 7 |a Čechy střední (Česko)  |7 ge131654  |2 czenas 
651 9 |a Lesní Stream Basin (Jevanský Stream, Czechia)  |2 eczenas 
651 9 |a Bohemia, Central (Czechia)  |2 eczenas 
655 7 |a zprávy  |7 fd133875  |2 czenas 
655 9 |a reports  |2 eczenas 
700 1 |a Rohovec, Jan,  |d 1971-  |7 xx0009541  |4 aut 
700 1 |a Skřivan, Petr,  |d 1935-  |7 hka2017959613  |4 aut 
710 2 |a Akademie věd České republiky.  |b Kancelář  |7 ko2005281665  |4 isb 
830 0 |a Strategie AV21.  |p Rozmanitost života a zdraví ekosystémů  |0 s 
910 2 |a BOA001  |b 2-1466.425 
920 |a 1116274  |z KLG001 
990 |a BK 
995 |a 01 
991 |b 202109  |c NOV 
996 6 |b 2610870566  |c 2-1466.425  |l MZK  |r Sklad / do 1 hodiny  |n 0  |p dar  |w 001856099  |u 000010  |a 1  |e BOA001  |j MZK50  |s P